00709nam a2200229Ia 45000010006000000050017000060070003000230080041000260400025000670410008000920820021001001000022001212450060001432500014002032600047002173000019002646530021002836530016003049420012003209520130003329990017004623484920240114001748.0ta070305s1991 g b000 u 465 u aCotton College,Assam a465 a923.2bMu 896 Ga aMukerjee, Hiren . 0aGandhiji: A Study /cHiren Mukerjee.hTextual Documents a4th ed. / aDelhi :bPeoples Publishing House ,c1991. a219p. ;c22cm. aBiography-Gandhi aG-Biography 2ddccBK 001040708Circulation (G)aSKBLbSKBLd2012-02-01f00000l0o923.2 Mu 896 Gap89521r2024-01-14 00:00:00t1w2012-02-01yBK c34831d34831